000 00789nam a22001697a 4500
008 190919b xxu||||| |||| 00| 0 eng d
020 _a9789351381044
050 _aREF
100 _aParthasarathy, Rangaswami.
245 _aBasic journalism. /
_c Rangaswami Parthasarathy.
250 _a2nd ed.
260 _aNew Delhi :
_bTrinity Press,
_c2017.
300 _a195 p. :
_c22 cm.
500 _aIncludes bibliography.
505 _aContents: Introduction -- Inside a newspaper -- What a newspaper -- What is news? -- The electronic era -- Suppliers of news -- The reporter -- News editor -- The Sub-editor -- Anatomy of editing -- Mofussil news -- Language and style -- Headlines -- Design and make-up -- Picture editing and captions -- A glossary of newspaper jargon.
942 _2lcc
_cBK
999 _c6947
_d14447